| 000 | 00778cam a2200193 4500 | ||
|---|---|---|---|
| 001 | X104573 | ||
| 008 | 000000n1999 000 0 eng u | ||
| 035 | _a(Sirsi) u103473 | ||
| 245 | _aHerkanaidu v LB Lambeth | ||
| 260 | _c1999 | ||
| 490 |
_aNew Property Cases _v [1999] NPC 159 |
||
| 520 | _aChD 13 December 1999. National Conditions of Sale. Special conditions of sale. Law of Property (Miscellaneous Provisions) Act 1994 s3. Distinction between matters of fact and legal obligations. TAKEN FROM JOURNAL HEADNOTE- NO PHOTOCOPYING ALLOWED. | ||
| 650 | _aHERKANAIDU V LB LAMBETH | ||
| 650 | _aLAW OF PROPERTY (MISCELLANEOUS PROVISIONS) ACT 1994 | ||
| 650 | _aCONDITIONS OF SALE | ||
| 650 | _aCONVEYANCING | ||
| 690 | _aPROPERTY LAW AND PRACTICE-CASE LAW | ||
| 942 | _n0 | ||
| 999 |
_c62170 _d62170 |
||